La literatura modernista en la Argentina
Guardat en:
| Autor principal: | |
|---|---|
| Format: | Llibre |
| Idioma: | espanyol |
| Publicat: |
Buenos Aires
Poseidón
1955
|
| Col·lecció: | Biblioteca de Estudios Breves
|
| Matèries: | |
| Etiquetes: |
Afegir etiqueta
Sense etiquetes, Sigues el primer a etiquetar aquest registre!
|
MARC
| LEADER | 00000nam a2200000 a 4500 | ||
|---|---|---|---|
| 001 | UCQ6492 | ||
| 003 | CL-VaPUC | ||
| 008 | 981016e19550000AG |||||||||||||||||spa|d | ||
| 082 | 0 | 4 | |a Ar860.9 |b LOP |2 21 |
| 100 | |a Loprete, Carlos Alberto |e autor |9 420400 | ||
| 245 | 1 | 3 | |a La literatura modernista en la Argentina |
| 300 | |a 126 p | ||
| 942 | |c BK | ||
| 945 | |d 19981016 00:00:00 |a crobeson | ||
| 260 | |a Buenos Aires |b Poseidón |c 1955 | ||
| 650 | 0 | |a Literatura argentina |9 320596 | |
| 650 | 0 | |a Historia y crítica |9 257407 | |
| 650 | 7 | |a MODERNISMO EN LA LITERATURA |2 CL-VaPUC |9 344204 | |
| 583 | |a last modification |c 19981016 00:00:00 |k Rodrigo Vera | ||
| 490 | 0 | |a Biblioteca de Estudios Breves | |
| 999 | |c 276446 |d 276444 | ||
| 952 | |0 0 |1 0 |4 0 |6 AR_860_900000000000000_LOP_1955 |7 0 |8 A |9 313678 |a BIBEDU |b BIBEDU |d 2019-11-20 |i 1482300 |o Ar860.9 LOP 1955 |p 1482300 |r 2019-11-20 |w 2019-11-20 |y BK |k LIT | ||